La industria latinoamericana /
Guardado en:
| Autor Principal: | |
|---|---|
| Formato: | Libro |
| Publicado: |
México :
Fondo de Cultura económica,
1947
|
| Materias: | |
| Etiquetas: |
Agregar Etiqueta
Sin Etiquetas, Sea el primero en etiquetar este registro!
|
| LEADER | 00541nam a22001935a 4500 | ||
|---|---|---|---|
| 001 | CEM.cems006708 | ||
| 005 | 20060214000000.0 | ||
| 008 | 130507s1947##################000#0#####d | ||
| 003 | CEMS | ||
| 082 | 0 | 4 | |a 338 |
| 100 | 1 | |a Wythe, G. | |
| 245 | 1 | 0 | |a La industria latinoamericana / |
| 260 | |a México : |b Fondo de Cultura económica, |c 1947 | ||
| 300 | |a 361 p. | ||
| 653 | |a Industria argentina | ||
| 653 | |a Industria latinoamericana | ||
| 653 | |a Industrializacion | ||
| 653 | |a Produccion | ||
| 859 | |a CEMS |b BIB. CEMS - 11 de abril |h 338 |i W974 |p 2922.74 |t Ej.1 | ||
